| 000 | 00622nam a22001937a 4500 | ||
|---|---|---|---|
| 005 | 20250120150527.0 | ||
| 010 | _aENG-143469 | ||
| 020 |
_c595.00 _a9788170264842 |
||
| 035 | _aEN-127001 | ||
| 037 | _bDBAD | ||
| 082 | _a327 | ||
| 100 |
_aNayak, Dr. Namita _976774 |
||
| 245 |
_aSAARC Towards A New Regionalism: Constraints and Constructs/ _cBy Dr. Namita Nayak |
||
| 250 | _aFirst | ||
| 260 |
_bHeritage Publishers _c2021 _a19-A, Ansari Road, Daryaganj, New Delhi |
||
| 270 |
_bNoida _a19-A, Ansari Road, Daryaganj, New Delhi _e110002 |
||
| 300 |
_a243p. _c22cm (pbk) |
||
| 942 |
_2ddc _cEN _h327 _mNAY |
||
| 999 |
_c208613 _d208613 |
||